Statistiques concernant Capitales mondiales les plus proches du Caire

Cliquez ici pour prendre le quiz!

Statistiques générales

  • Ce quiz a été pris 55 fois
  • Le résultat moyen est 12 sur 20

Statistiques - réponses

kmcapitale% Correct
423Jérusalem
92%
1742Tripoli
88%
611Damas
86%
1634Riyad
84%
1110Ankara
82%
584Beyrouth
82%
1123Athènes
78%
604Nicosie
78%
1292Bagdad
76%
490Amman
71%
1615Koweït
59%
1625Khartoum
55%
1576Sofia
51%
1663Bucarest
47%
1692La Valette
47%
1596Skopje
47%
1624Tirana
47%
1668Pristina
31%
1648Erevan
27%
428Ramallah
20%

Distribution des résultats

Percentile par nombre de réponses

% des personnes avec chaque résultat

Votre développement - résultats

Vous n’avez pas pris ce quiz